Príbehy z Mont Blancu

Bibliographic Details
Main Author: Hatala, Martin (Author)
Format: Article
Language:Slovak
Subjects:

MARC

LEADER 00000nab a2200000Ia 4500
001 vtls010857571
003 SK-MaSNL
005 20260303105904.0
008 230121|2011 xo |||||||||||||||||slo|
035 |a (urnnbn)urn:nbn:sk:snk:ar-a07nnm 
035 |a urn:nbn:sk:snk-ab6geg 
035 |a (uuid)f997f312-2093-4491-8ce8-2c3dd467627f 
040 |a SNKBUCL  |b slo  |c SNKBUCL  |e AACR2 
041 0 |a slo 
044 |a xo  |c SK 
080 |a 44 (miestne určenie-Francúzsko)  |2 2001 
080 |a a 4 miestne určenie  |2 2001 
080 |a 796.52  |2 2001 
100 1 |a Hatala, Martin  |4 aut  |9 497391 
245 1 0 |a Príbehy z Mont Blancu  |c Martin Hatala 
650 0 7 |a horolezectvo  |2 SNKPH  |9 1050 
651 7 |a Mont Blanc (Alpy, Francúzsko a Taliansko : vrch)  |2 SNKPH  |9 58860 
651 7 |a Alpy (pohorie)  |2 SNKPH  |9 51997 
773 0 |t Horolezec : odborný, metodický a informačný časopis Slovenského horolezeckého spolku JAMES  |g Roč. 43, č. 1 (2011), s. 22-23 
954 |a odborná, vedecká literatúra pôvodná (slovenská)  |2 lita 
958 |a OND 
958 |a EUIPO 
958 |a article5 
999 |c 1866421  |d 1868351